| 000 | 00416nam a22001457a 4500 | ||
|---|---|---|---|
| 003 | OSt | ||
| 082 |
_a631.587 _bPRI/IR |
||
| 088 | _a593 | ||
| 100 |
_aPRIYA. G NAIR _92785 |
||
| 245 | _aIRRIGATION PLANNING AND MANAGEMENT OF A CANAL IRRIGATED COMMAND USING GEOSPATIAL TOOLS | ||
| 260 |
_aTAVANUR _bDEPARTMENT OF IRRIGATION AND DRAINAGE ENGINEERING _c2023 |
||
| 300 | _a113+XXIII | ||
| 700 | _aASHA JOSEPH | ||
| 942 | _cTH | ||
| 999 |
_c17732 _d17732 |
||